000 01216nam a2200373 i 4500
001 25789
003 KOSZ 005
005 20200508125305.0
008 070929s1972 pl a f |000 0 pol
015 _aPB 1972/6667
035 _a(OCoLC)812599422
040 _aWA N
_cWA N
_dKOSZ 005/EC
_dKOSZ 005/HR
041 _apol
046 _k1968
080 _a371.7
080 _a331.82+351.83(438)
651 4 _aPolska
650 4 _aSzkolnictwo
650 4 _aBHP
710 2 _aPaństwowe Wydawnictwa Szkolnictwa Zawodowego
_4pbl.
999 _c25789
_d25789
999 _brw
245 0 0 _aBezpieczeństwo, higiena i ochrona pracy w szkolnictwie :
_bpraca zbiorowa /
_cpod red. Kazimierza Makowskiego.
250 _aWyd. 3 nie zm.
260 _aWarszawa :
_bPaństwowe Wydawnictwa Szkolnictwa Zawodowego,
_cdr. 1972.
300 _a521, [1] s. :
_bil. ;
_c23 cm.
380 _aKsiążki.
388 _a1901-2000
388 _a1945-1989
504 _aBibliogr.
658 _aGeografia i nauki o Ziemi
700 1 _aMakowski, Kazimierz
_c(pedagog).
_eRedakcja
856 _uhttp://koha.tu.koszalin.pl/cgi-bin/koha/opac-detail.pl?biblionumber=25789
_yKatalog online BPK
942 _2UKD
_cKS